000 00513nam a22001697a 4500
005 20260303114229.0
008 260303b |||||||| |||| 00| 0 eng d
020 _a978-9914-51-153-6
050 _aQC 23 .N95 2026
100 _aNZIOKI, JOSEPH
245 _aBOOKLYST MASTER PHYSICS GRADE 10
260 _aNAIROBI
_bBOOKLYST PRESS LIMITED
_c2026
300 _a316 P, ILL
650 _aPHYSICS- TEXTBOOKS PHYSICS- STUDY AND TEACHING( SECONDARY)
700 _aCHUMO, JOHN MAKUNGU, LILIAN
942 _2lcc
_cBK
999 _c216752
_d216752